Jeux à gratter - Mort Subite - Statistiques

Statistiques générales
  • Ce quiz a été pris 169 fois
    41 depuis la dernière actualisation
  • Le résultat moyen est 6 sur 30
Answers on the Grid
Answers color-coded by a green-red scale on the quiz's grid according to % correct below.
As de coeur
Astro
Banco
CASH
Black Jack
Carré d'Or
Méga Goal
Jackpot
Mots Croisés
Millionaire
Mission Nature
Pactole
Solitaire
X20
Ticket d'Or
Super 5 ou 50
Végas
Numéro Fétiche
Bingo
Puzzle
Bonne Année
La Grosse Roue
Quitte ou Double
Lucky Park
Baraka
Mission Patrimoine
Happy Dés
Morpion
Jeu du Fou
Poils à gratter
Encore gagné
Money Drop
Paradise Island
Vraiment Bling Bling
Très Futé
Or et Argent
En Carats
Trésor de Kellogg's
Géant Casino
Kéno
Nuit de chance
Cache-Cash
As de pique
La Bonne Paye
Oh my Gold !!!
Joker
Palace d'Or
Euromillions
 
Statistiques - réponses
Réponse % Correct
Banco
52%
Black Jack
48%
CASH
44%
Jackpot
44%
Solitaire
44%
Astro
36%
Bingo
36%
Millionaire
32%
Morpion
32%
Numéro Fétiche
32%
Végas
32%
X20
24%
Méga Goal
20%
Mots Croisés
20%
Pactole
20%
Ticket d'Or
20%
Mission Nature
16%
As de coeur
12%
Carré d'Or
12%
Mission Patrimoine
12%
Quitte ou Double
12%
Happy Dés
8%
Super 5 ou 50
8%
Bonne Année
4%
La Grosse Roue
4%
Puzzle
4%
Baraka
0%
Jeu du Fou
0%
Lucky Park
0%
Poils à gratter
0%
Aucun quiz correspondant
Distribution des résultats
% des personnes avec chaque résultat
Percentile par nombre de réponses
Votre historique - résultats
Vous n’avez pas pris ce quiz depuis la dernière actualisation